Christian Bale Movies In Other Words Quiz Stats

Quiz Updated Nov 7, 2014

Also try: 007 In Other Words
Challenge
Share
Tweet
Embed
Score 0/16 Timer 04:00
0 Plays Today
Alternate Movie Title Christian Bale Movie % Correct
U.S. LunaticAmerican Psycho
92.3%
The Shadowy Chevalier AscendsThe Dark Knight Rises
83.8%
Miniature LadiesLittle Women
77.7%
The CombatantThe Fighter
73.1%
Clubdude CommencesBatman Begins
58.8%
The EsteemThe Prestige
53.6%
The Gloomy SirThe Dark Knight
49.2%
The MechanicThe Machinist
47.1%
Alternate Movie Title Christian Bale Movie % Correct
Rulership of BlazeReign of Fire
37.5%
Communal AdversariesPublic Enemies
35.8%
BalanceEquilibrium
35.3%
Dominion of Our StarEmpire of the Sun
34.9%
Yankee RushAmerican Hustle
26.3%
Recovery DaybreakRescue Dawn
23.3%
Not in the HeaterOut of the Furnace
18.6%
Ender RescueTerminator Salvation
11%

You're not logged in!

Compare scores with friends on all Sporcle quizzes.
Sign Up with Email
OR
Log In

You Might Also Like...

Show Comments

Extras

Top Quizzes Today


Score Distribution

Your Account Isn't Verified!

In order to create a playlist on Sporcle, you need to verify the email address you used during registration. Go to your Sporcle Settings to finish the process.